Is It a Remake? Quiz Stats

Quiz Updated Sep 18, 2016

Challenge
Share
Tweet
Embed
Score 0/20 Timer 03:00
2 Plays Today
Movie (Y)es or (N)o % Correct
Back To The Future (1985)???
91.3%
Edward Scissorhands (1990)???
89.3%
Alien (1979)???
86.9%
The Producers (2005)???
84.9%
The Nutty Professor (1996)???
84.5%
The Graduate (1967)???
84.3%
Silver Linings Playbook (2012)???
83.4%
Race to Witch Mountain (2009)???
78.6%
Looper (2012)???
75.9%
Mr. Deeds (2002)???
74.8%
Movie (Y)es or (N)o % Correct
Flubber (1997)???
71.2%
Elysium (2013)???
70.4%
The Mummy (1999)???
68.8%
The Secret Life of Walter Mitty (2013)???
67.8%
Escape from New York (1981)???
63.4%
Mr. Magorium's Wonder Emporium (2007)???
58.3%
The Hateful Eight (2015)???
58%
Insomnia (2002)???
48.3%
You've Got Mail (1998)???
41.2%
A Fistful of Dollars (1964)???
36.3%

You're not logged in!

Compare scores with friends on all Sporcle quizzes.
Join for Free
OR
Log In

You Might Also Like...

Show Comments

Extras

Top Quizzes Today


Score Distribution

Your Account Isn't Verified!

In order to create a playlist on Sporcle, you need to verify the email address you used during registration. Go to your Sporcle Settings to finish the process.

Report this User

Report this user for behavior that violates our Community Guidelines.

Details: